10.Horrorfilm-Duell: Chucky vs. The Killer - Statistiken

Allgemein
  • Dieses Quiz wurde 6 mal gespielt
  • Das Durchschnittsergebnis liegt bei 8 aus 12
Antwortstatistiken
Frage Antwort % Korrekt
Unsterblichkeit Chucky
100%
Übernatürliche Kräfte Chucky
100%
Opferzahl Chucky
83%
Horrorikonenstatus Chucky
83%
Sieger Chucky
83%
Wiedererkennungswert Chucky
67%
Ausstrahlung Chucky
67%
Physische Kraft The Killer
67%
Kreativität Chucky
50%
Psychologischer Horror Chucky
33%
Intelligenz Chucky
17%
Brutalität Chucky
0%
Keine übereinstimmenden Quizze gefunden
Verteilung der Resultate
Anzahl Personen mit jedem Resultat
Perzentil nach korrekt beantworteten Fragen
Ihre Resultats-Entwicklung
Sie haben dieses Quiz noch nicht gespielt